| 000 | 01086aam a2200313 i 4500 | ||
|---|---|---|---|
| 001 | 014685267 | ||
| 003 | EG-ScBUE | ||
| 005 | 20240428084401.0 | ||
| 008 | 080715s2008 enkbfo f b 001 0 eng d | ||
| 020 | _a9780141036298 (pbk.) | ||
| 020 | _a014103629X (pbk.) | ||
| 040 |
_aStDuBDS _beng _erda _cStDuBDS _dUk _dEG-ScBUE |
||
| 043 | _aa-ir--- | ||
| 082 | 0 | 4 |
_a955 _222 _bAXW |
| 100 | 1 |
_aAxworthy, Michael, _eauthor. _934768 |
|
| 245 | 1 | 0 |
_aIran : _bempire of the mind : a history from Zoroaster to the present day / _cMichael Axworthy. |
| 264 | 1 |
_aLondon : _bPenguin Books, _c2008. |
|
| 300 |
_axvi, 333 pages : _bmaps, photographs, plates ; _c20 cm |
||
| 336 |
_2rdacontent _atext _btxt |
||
| 337 |
_aunmediated _2rdamedia _bn |
||
| 338 |
_avolume _bnc _2rdacarrier |
||
| 500 | _aOriginally published: as Empire of the mind. London: Hurst, 2007. | ||
| 504 | _aIncludes bibliographical references and index. | ||
| 651 | 7 |
_aIran _xHistory. _2BUEsh _934769 |
|
| 651 | 7 |
_aIran _xCivilization. _2BUEsh _934770 |
|
| 653 | _cJanuary2014 | ||
| 655 |
_vReading book _934232 |
||
| 942 |
_2ddc _cBB |
||
| 999 |
_c17897 _d17869 |
||